000 01071nam a2200241Ia 4500
001 128-GUE gi ol (20567)
003 IT-MiSPE
008 171229s9999||||xx |||||||||||||| ||und||
040 _aIT-MiSPE
_cIT-MiSPE
041 _aITALIANO
100 _aGiuseppe Guerra
245 0 _aOltre la persona individuale
_bIl fondamento delle relazioni interpersonali
250 _a1a ed. (v)
260 _aCinisello B.mo
_bSan Paolo
_c2009
300 _a70 p.
_c20 cm
490 _aCultura religiosa
_v71
500 _aAntropologia filosofica
501 _aEdizioni San Paolo srl - Piazza Soncino, 5 - 20092 CINISELLO BALSAMO (MI) (non commercial uses only) ® Copyright 2018
700 _aFranco Perazzolo
942 _cBK
957 _71
999 _a8740
_bNO
_g Copie: 1
_c336992
_d336992